Before the broken star
| Main Author: | |
|---|---|
| Format: | Book |
| Published: |
New York :
Skyspace ,
2019
|
| Subjects: |
MARC
| LEADER | 00000cam a2200000 7i4500 | ||
|---|---|---|---|
| 001 | 0000242530 | ||
| 005 | 20200610192945.0 | ||
| 020 | |a 9781542043762 | ||
| 090 | 0 | 0 | |a F |b KIN |
| 100 | 1 | |a King, Emily R. | |
| 245 | 1 | 0 | |a Before the broken star |c Emily R. King |
| 260 | |a New York : |b Skyspace , |c 2019 | ||
| 300 | |a 283p. ; |c 21cm. | ||
| 650 | 0 | |a Fiction | |
| 999 | |a 00380800 |b BUKU |c PINJAMAN |e PERPUSTAKAAN KOMUNITI PETALING JAYA | ||